| 000 | 00368 a2200109 4500 | ||
|---|---|---|---|
| 001 | ART_17943 | ||
| 005 | 20260410161656.0 | ||
| 008 | 260409a | ||
| 245 | 1 | 0 | _aPrórroga del beneficio de "promoción y protección del empleo registrado" de la ley 26.476 |
| 100 | 1 | _aSerra, Marcelo | |
| 773 | 0 |
_tPráctica profesional _g- Nº 112 (feb. 2010) _wREV542 |
|
| 999 |
_c14693 _d14693 |
||